Socialisms and development (Record no. 420355)

000 -LEADER
fixed length control field 00519cam a22001817a 4500
008 - FIXED-LENGTH DATA ELEMENTS--GENERAL INFORMATION
fixed length control field 180718b1973 xxu||||| |||| 00| 0 eng d
020 ## - INTERNATIONAL STANDARD BOOK NUMBER
International Standard Book Number 0 233 96299 9
082 ## - DEWEY DECIMAL CLASSIFICATION NUMBER
Classification number B234 D897
100 ## - MAIN ENTRY--PERSONAL NAME
Personal name Dumont, Rene
245 ## - TITLE STATEMENT
Title Socialisms and development
Statement of responsibility, etc. by Rene Dumont and Marcel Mazoyer
260 ## - PUBLICATION, DISTRIBUTION, ETC.
Place of publication, distribution, etc. London
Name of publisher, distributor, etc. Andre Deutsch
Date of publication, distribution, etc. 1973
300 ## - PHYSICAL DESCRIPTION
Extent 352p
650 ## - SUBJECT ADDED ENTRY--TOPICAL TERM
Topical term or geographic name entry element Developing countries --Economic conditions.
650 ## - SUBJECT ADDED ENTRY--TOPICAL TERM
Topical term or geographic name entry element Capitalism
650 ## - SUBJECT ADDED ENTRY--TOPICAL TERM
Topical term or geographic name entry element Socialism
650 ## - SUBJECT ADDED ENTRY--TOPICAL TERM
Topical term or geographic name entry element Economic development
700 ## - ADDED ENTRY--PERSONAL NAME
Personal name Mazoyer, Marcel
Holdings
Withdrawn status Lost status Damaged status Not for loan Permanent Location Current Location Date acquired Full call number Barcode Date last seen Price effective from Koha item type
        Indian Institute of Public Administration Indian Institute of Public Administration 2009-07-14 B234 D897 47957 2018-07-21 2018-07-21 Book

Powered by Koha